Business and Finance Study Manual : ACA Professional Stage Knowledge Level, For Exams in 2009. (Record no. 2930)

MARC details
005 - DATE AND TIME OF LATEST TRANSACTION
control field 20250609113751.0
020 ## - INTERNATIONAL STANDARD BOOK NUMBER
International Standard Book Number 978=1-84152-562-4
082 ## - DEWEY DECIMAL CLASSIFICATION NUMBER
Classification number LECT 658.1 ICA
111 ## - MAIN ENTRY--MEETING NAME
Meeting name or jurisdiction name as entry element ICAEW
245 ## - TITLE STATEMENT
Title Business and Finance Study Manual : ACA Professional Stage Knowledge Level, For Exams in 2009.
250 ## - EDITION STATEMENT
Edition statement 2nd Ed.
260 ## - PUBLICATION, DISTRIBUTION, ETC.
Place of publication, distribution, etc. England,
Name of publisher, distributor, etc. ICAEW,
Date of publication, distribution, etc. 2008.
300 ## - PHYSICAL DESCRIPTION
Extent xxvii, 506p.: ill.; figure, picture
Other physical details Index
Dimensions 29cm.
856 ## - ELECTRONIC LOCATION AND ACCESS
Link text Access Online Book
Electronic name Business and Finance
Path www.icaew.com
942 ## - ADDED ENTRY ELEMENTS (KOHA)
Source of classification or shelving scheme Dewey Decimal Classification
Koha item type Books
Holdings
Date last seen Total checkouts Full call number Barcode Cost, replacement price Price effective from Koha item type Lost status Source of classification or shelving scheme Damaged status Not for loan Withdrawn status Home library Current library Shelving location Date acquired Cost, normal purchase price
05/31/2025   LECT 658.1 ICA 00000010550 180000.00 05/31/2025 Books   Dewey Decimal Classification       College of Business Education Main Library College of Business Education Main Library Special Reserve Collection 08/17/2011 60000.00
06/09/2025   LECT 658.1 ICA 00000011601 180000.00 06/09/2025 Books   Dewey Decimal Classification       College of Business Education Main Library College of Business Education Main Library General Collection 08/17/2011 60000.00